Quiz o Mozambiku - Statystyki

Ogólne statystyki
  • Ten quiz został rozwiązany 814 razy
    807 od ostatniego zresetowania
  • Średni wynik to 12 z 16
Statystyki odpowiedzi
Wskazówka Odpowiedź % Poprawnych
Państwa graniczące z Mozambikiem Zambia
93%
Państwa graniczące z Mozambikiem Zimbabwe
93%
Duża wyspa położna około 200 km na wschód od Mozambiku Madagaskar
92%
Państwa graniczące z Mozambikiem Eswatini
90%
Państwa graniczące z Mozambikiem Malawi
88%
Państwa graniczące z Mozambikiem Republika Południowej Afryki
86%
Karabin szturmowy przedstawiony w narodowej fladze Mozambiku AK-47
80%
Państwa graniczące z Mozambikiem Tanzania
78%
Urzędowy język portugalski
76%
Odkrywca, który odwiedził Mozambik w 1498 roku w drodze do Indii Vasco da Gama
75%
Stolica Mozambiku Maputo
69%
Najcenniejszy eksport, metal Aluminium
64%
Najdłuższe rzeki przepływające przez Mozambik Zambezi
62%
Urodzony w Mozambiku piłkarz znany jako "Czarna Pantera" Eusébio
48%
Najdłuższe rzeki przepływające przez Mozambik Limpopo
37%
Roślina uprawna, rodzaj krzewu Maniok
34%
Nie znaleziono quizów pasujących do podanych kryteriów
Rozkład punktacji
Procent ludzi z każdym wynikiem
Percentyl według liczby udzielonych odpowiedzi
Twoja historia wyników
Nie rozwiązałeś tego quizu od ostatniego zresetowania